Разгром милитаристской Японии и освободительная миссия СССР в Азии: сборник документов

Podrobná bibliografie
Shrnutí:К 40-летию Победы над фашизмом,
Jazyk:ruština
Vydáno: Москва, Изд-во агентства печати "Новости", 1985
Témata:
Médium: MixedMaterials Kniha
KOHA link:https://koha.lib.tpu.ru/cgi-bin/koha/opac-detail.pl?biblionumber=129460

MARC

LEADER 00000nam0a2200000 4500
001 129460
005 20241004094443.0
035 |a (RuTPU)RU\TPU\book\140123 
090 |a 129460 
100 |a 20080124d1985 km y0rusy5003 ca 
101 0 |a rus 
102 |a RU 
105 |a y z 000zy 
200 1 |a Разгром милитаристской Японии и освободительная миссия СССР в Азии  |e сборник документов 
210 |a Москва  |c Изд-во агентства печати "Новости"  |d 1985 
215 |a 103 с. 
300 |a К 40-летию Победы над фашизмом, 
606 |a Вторая мировая война 1939-1945  |x Военные операции  |9 81298 
610 1 |a советско-японская война 1945 г. 
610 1 |a международные отношения 
610 1 |a Великая Отечественная война 1941-1945 
610 1 |a Азия 
610 1 |a СССР 
610 1 |a Япония 
610 1 |a история 
686 |2 rubbk  |a Т3(0)62,1 
801 0 |a RU  |b RuMRKP  |c 19950704  |g psbo 
801 1 |a RU  |b 63413507  |c 20080124  |g PSBO 
801 2 |a RU  |b 63413507  |c 20081015  |g PSBO 
942 |c BK